000 01072nam a2200229Ia 4500
001 L911-40640
003 IT-CnALBA
008 170116s9999||||xx |||||||||||||| ||und||
040 _aIT-CnALBA
_cIT-CnALBA
041 _aITALIANO
100 _aLUGANI VALERIO
245 0 _aTRENTINO ALTO ADIGE. ENCICLOPEDIA REGIONI ITALIA MERAVIGIOSA.
250 _a1a ed.
260 _aMILANO
_bARISTEA EDITRICE
_c1966 [1° Ed.:1966 - Ed.Ling.Originale: 1966]
300 _a256 p.
500 _aVIE DI COMUNICAZIONE PRINCIPALI. STORIA E VITA. ASPETTO GEOGRAFICO. ECONOMIA E LAVORO. INDUSTRIE E COMMERCIO. PROVINCIA TRENTO. BOLZANO. UOMINI ILLUSTRI. LEGGENDE. PORDENONE. RIASSUNTO.
501 _aSocietà San Paolo EM - Piazza San Paolo, 14 - 12051 ALBA (CN) (non commercial uses only) ® Copyright 2017
520 _aVIE DI COMUNICAZIONE PRINCIPALI. STORIA E VITA. ASPETTO GEOGRAFICO. ECONOMIA E LAVORO. INDUSTRIE E COMMERCIO. PROVINCIA TRENTO. BOLZANO. UOMINI ILLUSTRI. LEGGENDE. PORDENONE. RIASSUNTO.
650 _aGEOGRAFIA VIAGGI
942 _cBK
957 _71
999 _a45728
_bNO
_g Copie: 1
_c299609
_d299609